000 00406nam a2200157Ia 4500
005 20250430034907.0
008 240331s9999 xx 000 0 und d
020 _a9559514830
082 _bWIJ
_a891
100 _aWijemanna.P
245 0 _aPatu magaka wesiyo
260 _aNugegoda
_bKuda Enterprises
_c1994
300 _a127 p .,
500 _aA Collection of modern short stories in Sinhala
942 _cL
999 _c4881
_d4881